000 00198 a2200097 4500
001 30943
100 _aShahabi
245 _aKhawteen Islam
260 _aKarachi
_bMadina
_c
090 _c20835
_d20835
942 _aNUST-CAE
_cM
_c12042
999 _c266016
_d266016